000 00947nam0a2200301 4500
001 RU\NLR\BIBL_A\011646092
005 20180314112204.0
010 _a978-5-4490-1460-3
021 _aRU
_bКН-П-18-005288
_9КН-П-18-0362
035 _a(NLR Aleph) 011646092
035 _a(RuMoRGB)009529342
090 _a11105516
_c11105516
100 _a20180301d2017 u y0rusy50 ca
101 0 _arus
102 _aRU
105 _ac z |00gy
200 1 _aНашла проталину свою
_eстихотворения
_fТатьяна Ашуркова
210 _a[Б. м.]
_cИздательские решения
_d2017
215 _a110, [4] с.
_cпортр.
_d22
333 _a16+
686 _aШ5(2=Р)64-65я44
_2rubbk
686 2 _aШ6(2=Р)8-5
700 1 _aАшуркова
_bТ.
_gТатьяна
942 _cBOOK
980 _aNBR
980 _aNB